000 00347nam a2200145Ia 4500
008 230718s9999 xx 000 0 und d
041 _aEng.
082 _a346.013
_bMUH-T
100 _aMuhammad Ali Malik
245 4 _aThe Punjab ReniedPremise 2011
260 _aPakistan
_bPunjab Law Book
_c2013
300 _a48
650 _aLaw
999 _c29994
_d29994